Biggest Us States By Population - Statistics

General Stats
  • This quiz has been taken 24 times
  • The average score is 8 of 10
Answer Stats
Hint Answer % Correct
39,538,223 California
95%
21,538,187 Florida
95%
20,201,249 New York
95%
11,799,448 Ohio
90%
29,145,505 Texas
90%
12,812,508 Illinois
80%
10,439,388 North Carolina
75%
10,711,908 Georgia
70%
13,002,700 Pennsylvania
70%
10,077,331 Michigan
60%
No matching quizzes found
Score Distribution
Percent of People with Each Score
Percentile by Number Answered
Your Score History
You have not taken this quiz